Autobahnen von Österreich mit Karte - Statistiken

Allgemein
  • Dieses Quiz wurde 2.434 mal gespielt
  • Das Durchschnittsergebnis liegt bei 11 aus 19
Antworten auf der Karte
Die Antworten werden auf der Karte rot bzw. grün angezeigt, abhängig davon wie oft sie richtig erraten wurden.
 
Antwortstatistiken
Nr. Antwort % Korrekt
A1 West Autobahn
91%
A2 Süd Autobahn
90%
A4 Ost Autobahn
85%
A5 Nord Autobahn
83%
A13 Brenner Autobahn
70%
A10 Tauern Autobahn
69%
A12 Inntal Autobahn
65%
A3 Südost Autobahn
55%
A23 Autobahn Südosttangente Wien
54%
A9 Pyhrn Autobahn
47%
A22 Donauufer Autobahn
45%
A14 Rheintal/Walgau Autobahn
44%
A21 Wiener Außenring Autobahn
44%
A26 Linzer Autobahn
42%
A11 Karawanken Autobahn
41%
A6 Nordost Autobahn
39%
A25 Welser Autobahn
38%
A8 Innkreis Autobahn
37%
A7 Mühlkreis Autobahn
33%
Keine übereinstimmenden Quizze gefunden
Verteilung der Resultate
Anzahl Personen mit jedem Resultat
Perzentil nach korrekt beantworteten Fragen
Ihre Resultats-Entwicklung
Sie haben dieses Quiz noch nicht gespielt